[Event "27th Keres Memorial 2018"]
[Site "Tallinn"]
[Date "2018.01.14"]
[Round "11"]
[White "Meier, Georg"]
[Black "Kovalenko, Igor"]
[Result "0-1"]
[WhiteElo "2660"]
[BlackElo "2713"]
[Annotator "TA"]
[PlyCount "142"]
[EventDate "2018.??.??"]
[EventType "swiss"]
[EventCountry "EST"]
[SourceTitle "playchess.com"]
[Source "ChessBase"]
[SourceQuality "1"]

{[%evp 18,142,60,18,62,39,79,43,91,74,68,59,56,54,79,18,25,25,35,33,33,34,34,23,43,9,25,31,29,0,37,27,47,41,31,35,48,23,30,15,14,-14,-10,-12,-11,-11,-12,-20,0,-20,0,-18,-18,-20,-22,-21,-22,-22,-22,-22,-22,-108,-103,-119,-127,-146,-146,-150,-146,-150,-134,-134,-108,-108,-108,-108,-108,-108,-108,-106,-106,-108,-108,-108,-108,-117,-109,-233,-222,-610,-1184,-1270,-677,-1544,-1372,-1246,-1244,-1136,-1092,-817,-685,-6490,-6414,-6179,-6189,-5509,-5489,-4264,-4133,-2423,-2262,-29963,-29965,-29969,-29971,-29971,-29971,-12798,0,-5285,-5185,-29965,-29969,-29974,-29974,-29954,-2668]} 1. Nf3 Nf6 2. g3 c5 3. c4 Nc6 4. Bg2 g6 5. b3 Bg7 6. Bb2 d6 7. Nc3 O-O 8. d4 Bf5 9. O-O Ne4 10. e3 {LiveBook: 7 Partien} Qa5 {A38: Englische Eröffnung (Symmetrische Variante)} (10... Rb8 11. Nh4 Nxc3 12. Bxc3 Bd7 13. a4 cxd4 14. exd4 e5 15. d5 Nd4 16. Bxd4 exd4 17. Be4 f5 18. Bf3 {0-1 (34) Kjartansson,G (2439)-Le,Q (2706) Las Vegas 2014}) 11. Qc1 {Schwarz muss nun g4! beachten.} Nf6 $146 ({Vorgänger:} 11... Nb4 12. Ne1 Nf6 13. a3 Na6 14. e4 cxd4 15. exf5 dxc3 16. Bxc3 Qb6 17. fxg6 hxg6 18. Qd1 {½-½ (45) Morales Camacho,J (2245)-Garcia Padron,J (2435) Mesa 1992}) 12. Rd1 Nb4 {Weiß steht etwas besser.} 13. Ne1 cxd4 14. Rxd4 Nc6 15. Rd2 Rfc8 16. Nd5 (16. h3 $16) 16... Nxd5 $11 17. Rxd5 Bxb2 18. Qxb2 Qc7 19. Rad1 Be6 20. R5d2 Ne5 {[%cal Bc6e5,Be5d7,Bd7f6][%mdl 32]} 21. Bd5 (21. f4 {seems wilder.} Nd7 22. Nc2 Rab8 23. Nd4 Qc5 24. Re1) 21... Bxd5 22. Rxd5 b6 23. Qe2 Qb7 24. e4 Nd7 25. Nf3 Nf6 26. R5d4 Rc6 27. h4 a6 28. R4d3 b5 29. cxb5 axb5 30. e5 dxe5 31. Nxe5 Re6 32. Re3 Kg7 33. Rd2 h5 34. Nf3 Rxe3 35. Qxe3 Rc8 36. Re2 b4 {[#] ...Tc3 ist eine echte Drohung.} 37. Ne5 Rc3 $36 {[%mdl 2048] Schwarz hat Initiative.} 38. Qf4 Qd5 39. Re1 {[#]} (39. Qd2 $11) 39... Qd6 $1 $17 40. Kg2 Rc2 41. Qf3 Rxa2 42. Nc4 Qc7 43. Re2 Rxe2 44. Qxe2 Qb7+ 45. Kg1 Qe4 46. Qxe4 Nxe4 {[%mdl 4096] Endspiel KS-KS} 47. Na5 Nc5 48. Nc6 Nxb3 49. Nxb4 Kf6 50. Nd5+ Ke6 51. Ne3 Ke5 52. Ng2 (52. Nc4+ $17 Kd4 53. Nb6) 52... Ke4 $19 53. Nf4 $2 (53. Ne3) 53... e5 54. Nh3 f6 55. Kg2 Nd2 56. Ng1 Kd3 57. Nh3 Nb3 58. Ng1 Nd4 59. Kf1 Kd2 60. Kg2 Ke1 61. Nh3 Ne2 62. f3 Nc3 63. g4 Ke2 64. gxh5 gxh5 65. Nf2 Ke3 66. Nh1 Ne2 67. Nf2 Nc3 (67... Nf4+ $142 68. Kg3 Nd3) 68. Nh1 $1 {beabsichtigt Sg3.} Nd5 69. Nf2 f5 {Schwarz setzt Matt.} 70. Kg3 Ke2 71. Kg2 Ne3+ {Precision: Weiß = 42%, Schwarz = 73%.} (71... Nf4+ $142 72. Kg3 Ng6 73. Nh3 f4+ 74. Kh2 Kxf3 75. Ng5+ Ke3 76. Nh3 e4 77. Kg2 Ke2 78. Ng1+ Ke1 79. Nf3+ exf3+ 80. Kxf3 Kf1 81. Ke4 Kf2 82. Kf5 Kg3 83. Kg5 f3 84. Kxg6 Kxh4 85. Kf6 Kg3 86. Ke5 h4 87. Kd4 f2 88. Kd3 f1=Q+ 89. Kc3 h3 90. Kb3 Qb5+ 91. Kc2 h2 92. Kd2 h1=Q 93. Kc3 Qe1+ 94. Kd4 Qee5#) 0-1

[Event "27th Keres Memorial 2018"]
[Site "Tallinn"]
[Date "2018.01.14"]
[Round "11"]
[White "Chigaev, Maksim"]
[Black "Stupak, Kirill"]
[Result "1/2-1/2"]
[WhiteElo "2639"]
[BlackElo "2527"]
[Annotator "TA"]
[PlyCount "22"]
[EventDate "2018.??.??"]
[EventType "swiss"]
[EventCountry "EST"]
[SourceTitle "playchess.com"]
[Source "ChessBase"]
[SourceQuality "1"]

{[%evp 16,18,0,6,6]} 1. e4 e6 2. d4 d5 3. exd5 exd5 4. Nf3 Nf6 5. Bd3 Bd6 6. O-O O-O 7. c3 h6 {C01: French: Exchange Variation} 8. h3 c6 9. Re1 {LiveBook: 5 Games} Re8 {Predecessor:} 10. Nbd2 $146 Nbd7 11. a4 a5 {½-½ (11) Grachev,B (2628)-Popov,I (2596) Moscow 2016} 1/2-1/2

[Event "27th Keres Memorial 2018"]
[Site "Tallinn"]
[Date "2018.01.14"]
[Round "11"]
[White "Meskovs, Nikita"]
[Black "Volodin, Aleksandr"]
[Result "1-0"]
[WhiteElo "2577"]
[BlackElo "2397"]
[Annotator "TA"]
[PlyCount "109"]
[EventDate "2018.??.??"]
[EventType "swiss"]
[EventCountry "EST"]
[SourceTitle "playchess.com"]
[Source "ChessBase"]
[SourceQuality "1"]

{[%evp 28,109,66,65,95,99,124,119,154,170,150,164,212,136,125,73,91,67,102,89,85,52,66,22,29,0,25,27,39,28,40,39,35,34,116,115,122,86,115,115,115,115,185,180,219,219,206,206,207,206,208,179,205,171,179,164,460,470,445,453,558,546,624,623,567,597,599,610,679,668,712,664,664,661,656,614,1610,1647,4714,925,1607,867,2283,2054]} 1. d4 d5 2. c4 e6 3. Nf3 Nf6 4. g3 Bb4+ 5. Bd2 Be7 6. Bg2 O-O 7. O-O Nbd7 8. Bf4 c6 9. Nc3 dxc4 10. e4 b5 {E07: Closed Catalan: Main Line (5 Nf3 0-0 6 0-0 Nbd7)} (10... Re8 11. a4 b6 12. Qe2 Ba6 13. Rfd1 Bb4 14. Ne1 Qc8 15. Nc2 Bf8 16. Ne3 e5 17. dxe5 Nxe5 18. Bxe5 Rxe5 {0-1 (53) Tomashevsky,E (2728)-Ding,L (2766) Wijk aan Zee 2016}) 11. d5 exd5 12. exd5 cxd5 13. Nxd5 Nxd5 14. Qxd5 Ba6 15. Nd4 {LiveBook: 4 Games} Nb6 16. Qxd8 $1 Raxd8 17. Nc6 $1 {[%csl LRa7,LRd8,LRe7]} Bf6 18. Nxd8 Rxd8 19. Rad1 Rc8 20. Bh3 Ra8 $146 21. Rd2 ({Better is} 21. Rfe1) 21... b4 $16 22. Rc1 c3 23. bxc3 bxc3 24. Rd6 Bc4 25. a3 Nd5 26. Be3 {Black must now prevent Bg2.} Nxe3 27. fxe3 h6 28. Bf5 $36 {[%mdl 2048] White is pushing.} Rb8 29. Rc6 Bd5 30. Rc5 Be6 ({Black should play} 30... Ba2 $14) 31. Bxe6 fxe6 {[%mdl 4096] Endgame KRR-KRB} 32. Rc6 Kf7 33. Rc7+ Kg6 34. Rxa7 Kf5 {[#]} (34... Rb2 $16 {is a better defense.}) 35. Ra4 $1 $18 Rb2 36. Rf4+ Kg6 37. Rf2 Rb3 {[#]} 38. Ra2 $1 Kf5 39. a4 {[%cal Ba3a4,Ba4a5,Ba5a6][%mdl 32] Strongly threatening a5.} Bg5 40. Kf2 {And now a5 would win.} Ke4 41. Re1 Be7 $2 (41... Rb2+ 42. Rxb2 cxb2) 42. a5 {White is clearly winning.} Bc5 43. a6 Ba7 44. Ke2 Kd5 45. Kd3 e5 46. Ra5+ Kc6 47. Kc4 Rb2 48. Kxc3 Rxh2 49. Rxe5 Ra2 50. Re6+ Kd5 51. Rg6 Bb8 52. e4+ Kc5 53. Kb3 (53. Rd1 $142 Ra3+ 54. Kb2) 53... Ra5 54. Rc1+ Kb5 55. Rd1 {Precision: White = 70%, Black = 42%.} 1-0

[Event "27th Keres Memorial 2018"]
[Site "Tallinn"]
[Date "2018.01.14"]
[Round "11"]
[White "Aleksandrov, Aleksej"]
[Black "Alekseev, Evgeny"]
[Result "1/2-1/2"]
[WhiteElo "2567"]
[BlackElo "2697"]
[Annotator "TA"]
[PlyCount "37"]
[EventDate "2018.??.??"]
[EventType "swiss"]
[EventCountry "EST"]
[SourceTitle "playchess.com"]
[Source "ChessBase"]
[SourceQuality "1"]

{[%evp 18,19,14,4]} 1. d4 Nf6 2. c4 e6 3. Nc3 Bb4 4. e3 O-O 5. Bd3 d5 6. Nf3 c5 7. O-O cxd4 8. exd4 dxc4 9. Bxc4 b6 10. Bg5 Bb7 11. Ne5 $146 ({Vorgänger:} 11. Rc1 Nc6 12. a3 Be7 13. Ba2 Rc8 14. Qd3 h6 15. Be3 Bd6 16. Rfd1 Ne7 17. Ne5 Bxe5 18. dxe5 Qxd3 19. Rxd3 Nfd5 20. Bd2 Nxc3 21. Rdxc3 Rxc3 22. Bxc3 {½-½ (67) Le,Q (2737)-Ding,L (2777) Huaian 2017}) 11... h6 12. Bh4 Nbd7 13. Qb3 Bxc3 14. bxc3 Nxe5 15. dxe5 g5 16. Rad1 Qc7 17. Bxg5 Qxe5 18. Bxf6 Qxf6 19. Rfe1 {½-½ (31) Aleksandrov,A (2568)-Alekseev,E (2636) St Petersburg 2016} 1/2-1/2

[Event "27th Keres Memorial 2018"]
[Site "Tallinn"]
[Date "2018.01.14"]
[Round "11"]
[White "Ehlvest, Jaan"]
[Black "Smirnov, Artem"]
[Result "1-0"]
[WhiteElo "2549"]
[BlackElo "2300"]
[Annotator "TA"]
[PlyCount "91"]
[EventDate "2018.??.??"]
[EventType "swiss"]
[EventCountry "EST"]
[SourceTitle "playchess.com"]
[Source "ChessBase"]
[SourceQuality "1"]

{[%evp 25,91,22,29,22,57,15,66,50,81,58,105,90,120,120,183,160,253,179,224,221,239,232,391,278,395,387,460,452,501,502,495,506,493,502,558,517,560,579,741,715,689,685,829,583,578,585,902,470,454,462,664,489,567,556,526,471,541,435,409,403,1283,1350,1163,883,936,676,2304,2149]} 1. e4 c5 2. Nf3 Nc6 3. Nc3 g6 4. d4 cxd4 5. Nxd4 Bg7 6. Be3 Nf6 7. Nb3 d6 8. Be2 O-O 9. O-O a5 10. a4 Be6 11. f4 Qc8 12. Kh1 Nb4 13. Nd4 Bc4 {LiveBook: 11 Games. B74: Sicilian Dragon: Classical System with 9 Nb3} 14. Ndb5 {[#]} Nd7 $146 ({Predecessor:} 14... Rd8 15. Bb6 Rd7 16. Bd3 d5 17. e5 Ne4 18. Na7 Qe8 19. Ncb5 Na6 20. Bxa5 Nec5 21. Bxc4 dxc4 {1-0 (42) Valerga,D (2459)-Rodriguez Vila,A (2538) San Luis 2007}) 15. Rf2 Bxe2 (15... Bxb5 $1 $11 16. Bxb5 Bxc3 17. Bxd7 Qxd7 18. bxc3 Nc6) 16. Qxe2 Nf6 17. f5 Nc6 18. Bg5 Ne5 19. Bxf6 exf6 (19... Bxf6 $16 {was called for.} 20. Nd5 Qc5) 20. Nd5 {[#] Black must now prevent Ne7+.} ({Don't do} 20. Nxd6 $6 Qc5 $16) 20... Qc5 (20... Qd8 $16 21. fxg6 hxg6) 21. Raf1 g5 22. b3 Kh8 23. Qd2 Ng4 $2 {[#]} (23... Ra6 24. Re2 Rc8) 24. Re2 {[%cal Bf2e2,Be2e3,Be3c3,Bc3c7][%mdl 32]} Ne5 (24... Ra6 $142 25. Rf3 Qc8) 25. Re3 $18 Qc6 26. Rc3 Qd7 27. Nb6 Qd8 28. Nxa8 Qxa8 29. Rc7 b6 30. Qd5 Qxd5 31. exd5 Ng4 32. Re1 Ne5 33. Nxd6 g4 34. Rxe5 fxe5 {[%mdl 4096] Endgame KRB-KRN} 35. Ne4 Bh6 36. Kg1 Be3+ 37. Kf1 Rd8 (37... h6 $142 38. Nf6 e4 39. Nxg4 Bd4 40. Nxh6 Kg7) 38. c4 Kg7 39. Ke2 Bd4 40. Kd3 h5 41. d6 Bc5 42. Rc6 ({Less strong is} 42. Nxc5 Rxd6+ 43. Ke2 bxc5 $18) 42... Kf8 (42... Bg1 $142 43. h3 Bd4 44. hxg4 hxg4) 43. Nxc5 {White is clearly winning.} bxc5 44. Ke4 f6 45. Kd5 Rb8 46. Rxc5 {Precision: White = 64%, Black = 16%.} 1-0

[Event "27th Keres Memorial 2018"]
[Site "Tallinn"]
[Date "2018.01.14"]
[Round "11"]
[White "Ladva, Ottomar"]
[Black "Kantans, Toms"]
[Result "1-0"]
[WhiteElo "2452"]
[BlackElo "2531"]
[Annotator "TA"]
[PlyCount "105"]
[EventDate "2018.??.??"]
[EventType "swiss"]
[EventCountry "EST"]
[SourceTitle "playchess.com"]
[Source "ChessBase"]
[SourceQuality "1"]

{[%evp 19,105,0,5,0,0,0,10,0,6,2,6,2,31,31,30,22,35,36,22,20,39,33,56,42,43,60,36,41,44,47,44,41,41,47,63,0,24,28,56,50,77,79,130,130,130,133,126,84,155,109,99,104,118,110,131,128,131,124,204,129,195,136,189,125,232,224,260,260,243,243,364,364,550,521,671,659,647,608,1280,1135,1067,1003,575,557,4622,4622,2393,2304]} 1. d4 Nf6 2. Nf3 g6 3. Nc3 d5 4. Bf4 Bg7 5. Nb5 Na6 6. e3 {D00: 1 d4 d5: Unusual lines} c6 7. Nc3 Nc7 8. h3 O-O 9. Be2 Nce8 (9... Bf5 10. O-O Rc8 11. Bh2 Ne4 12. Nxe4 Bxe4 13. c3 {½-½ (55) Aronian,L (2799)-Vachier Lagrave,M (2804) Tbilisi 2017}) 10. O-O Nd6 {LiveBook: 4 Games} 11. Be5 b5 $146 12. Nb1 a5 13. a4 b4 14. c3 bxc3 15. bxc3 Ba6 16. Bxa6 Rxa6 17. Nbd2 Nfe4 18. Bxg7 Kxg7 19. Qc2 Nxd2 20. Nxd2 Rb6 21. Rfb1 Qc7 22. c4 dxc4 23. Nxc4 Nxc4 24. Qxc4 Rfb8 25. Rc1 Qd6 26. Qc5 Ra6 27. Qc4 Rab6 28. Qc3 Qb4 29. Qd3 Qb2 30. Qe4 $36 {[%mdl 2048] Keeping Black busy.} e6 (30... c5 $142) 31. Qe5+ $16 Kg8 32. Qxa5 Qe2 33. Qe1 Qd3 ({Better is} 33... Qxe1+ 34. Rxe1 Kf8) 34. Qc3 Qxc3 35. Rxc3 {[%mdl 4096] Endgame KRR-KRR} Rb1+ 36. Rc1 Rxc1+ 37. Rxc1 {KR-KR} Ra8 38. Ra1 Kf8 (38... Ra5 $16 39. Kf1 Kf8) 39. Kf1 Ke7 {[#]} (39... Ra5 $16 40. Ke2 Ke7) 40. Ke2 (40. a5 $1 $18) 40... Kd6 (40... Ra5 $16 {might work better.} 41. Kd3 Kd6) 41. Kd3 (41. a5 $18) 41... c5 (41... Ra5 $16 42. Kc4 c5 43. dxc5+ Kc6) 42. a5 $18 cxd4 43. Kxd4 Ra6 44. f4 {[%cal Bf2f4,Bf4g5][%mdl 32]} h5 (44... f5 $142 45. g4 Kc6) 45. g4 hxg4 (45... Kd7 {was necessary.} 46. Ke5 hxg4) 46. hxg4 {White is clearly winning.} f6 47. Kc4 Kc6 48. g5 fxg5 49. fxg5 Kb7 50. Kd4 Rd6+ 51. Ke5 Rd5+ 52. Kf6 Rd3 53. e4 {Precision: White = 80%, Black = 34%.} 1-0

[Event "27th Keres Memorial 2018"]
[Site "Tallinn"]
[Date "2018.01.14"]
[Round "11"]
[White "Shlykov, Vitali"]
[Black "Dubrovin, Robert"]
[Result "1-0"]
[WhiteElo "2289"]
[BlackElo "2251"]
[Annotator "ChessBase"]
[PlyCount "99"]
[EventDate "2018.??.??"]
[EventType "swiss"]
[EventCountry "EST"]
[SourceTitle "playchess.com"]
[Source "ChessBase"]
[SourceQuality "1"]
[TimeControl "900+5"]

1. d4 {[%emt 0:00:00]} Nf6 {[%emt 0:00:02]} 2. g3 {[%emt 0:00:00]} c5 {[%emt 0:00:38]} 3. d5 {[%emt 0:00:28]} b5 {[%emt 0:00:15]} 4. Bg2 {[%emt 0:00:11]} Bb7 {[%emt 0:00:00]} 5. a4 {[%emt 0:01:03]} b4 {[%emt 0:00:10]} 6. e4 {[%emt 0:01:15]} d6 {[%emt 0:00:01]} 7. b3 {[%emt 0:00:40]} g6 {[%emt 0:00:03]} 8. Bb2 {[%emt 0:00:02]} Bg7 {[%emt 0:00:01]} 9. Nd2 {[%emt 0:00:14]} O-O {[%emt 0:00:03]} 10. Nc4 {[%emt 0:00:31]} a5 {[%emt 0:00:19]} 11. Ne2 {[%emt 0:00:21]} Nbd7 {[%emt 0:00:03]} 12. O-O {[%emt 0:00:19]} Nb6 {[%emt 0:00:16]} 13. Ne3 {[%emt 0:00:50]} Rc8 {[%emt 0:01:25]} 14. c4 {[%emt 0:00:08]} bxc3 {[%emt 0:01:15]} 15. Bxc3 {[%emt 0:00:20]} Ba6 {[%emt 0:02:27]} 16. Ra2 {[%emt 0:02:14]} Nbd7 {[%emt 0:02:26]} 17. Qd2 {[%emt 0:01:28]} Qb6 {[%emt 0:02:52]} 18. Rb1 {[%emt 0:00:33]} Bxe2 {[%emt 0:01:03]} 19. Qxe2 {[%emt 0:00:04]} Ne8 {[%emt 0:00:24]} 20. Nc4 {[%emt 0:00:31]} Qa6 {[%emt 0:00:23]} 21. Bxa5 {[%emt 0:00:40]} Rb8 {[%emt 0:00:19]} 22. Qc2 {[%emt 0:00:45]} Rb7 {[%emt 0:00:05]} 23. Bf1 {[%emt 0:00:17]} Qa7 {[%emt 0:00:09]} 24. f4 {[%emt 0:00:37]} Bd4+ {[%emt 0:00:17]} 25. Kh1 {[%emt 0:00:12]} Nc7 {[%emt 0:00:05]} 26. Bh3 {[%emt 0:00:14]} Na6 {[%emt 0:00:28]} 27. Qe2 {[%emt 0:01:27]} Rfb8 {[%emt 0:00:14]} 28. Nd2 {[%emt 0:00:23]} Nb4 {[%emt 0:00:11]} 29. Bxb4 {[%emt 0:00:11]} Rxb4 {[%emt 0:00:06]} 30. Rc2 {[%emt 0:00:07]} Nb6 {[%emt 0:00:11]} 31. Rbc1 {[%emt 0:00:13]} Qb7 {[%emt 0:00:08]} 32. Qd3 {[%emt 0:00:04]} f5 {[%emt 0:00:09]} 33. Bg2 {[%emt 0:00:08]} Qd7 {[%emt 0:00:11]} 34. a5 {[%emt 0:00:09]} Nc8 {[%emt 0:00:07]} 35. Rc4 {[%emt 0:00:01]} fxe4 {[%emt 0:00:13]} 36. Bxe4 {[%emt 0:00:07]} Rxc4 {[%emt 0:00:21]} 37. Rxc4 {[%emt 0:00:09]} Qb5 {[%emt 0:00:08]} 38. a6 {[%emt 0:00:17]} Qxa6 39. Nf3 {[%emt 0:00:12]} Qa1+ {[%emt 0:00:10]} 40. Kg2 {[%emt 0:00:01]} Qb2+ {[%emt 0:00:01]} 41. Kh3 {[%emt 0:00:16]} Rxb3 {[%emt 0:00:01]} 42. Qc2 {[%emt 0:00:18]} Qxc2 {[%emt 0:00:29]} 43. Rxc2 {[%emt 0:00:01]} Bg7 {[%emt 0:00:07]} 44. Ng5 {[%emt 0:00:01]} Nb6 {[%emt 0:00:09]} 45. Ra2 {[%emt 0:00:05]} Bf6 {[%emt 0:00:03]} 46. Ne6 {[%emt 0:00:05]} c4 {[%emt 0:00:02]} 47. Ra7 {[%emt 0:00:10]} Re3 {[%emt 0:00:18]} 48. Rb7 {[%emt 0:00:03]} h6 {[%emt 0:00:07]} 49. Bxg6 {[%emt 0:00:05]} Nd7 {[%emt 0:00:07]} 50. Rxd7 {[%emt 0:00:04]} 1-0

[Event "27th Keres Memorial 2018"]
[Site "Tallinn"]
[Date "2018.01.14"]
[Round "11"]
[White "Chukavin, Kirill"]
[Black "Potkin, Vladimir"]
[Result "1/2-1/2"]
[WhiteElo "2267"]
[BlackElo "2650"]
[Annotator "TA"]
[PlyCount "108"]
[EventDate "2018.??.??"]
[EventType "swiss"]
[EventCountry "EST"]
[SourceTitle "playchess.com"]
[Source "ChessBase"]
[SourceQuality "1"]

{[%evp 14,108,50,18,35,10,18,0,7,0,17,16,80,45,58,48,77,52,43,34,45,0,1,0,0,-26,-23,-41,-30,-47,-41,-43,-25,-22,64,30,122,20,118,95,278,289,291,287,280,277,261,160,114,70,98,42,159,90,90,77,81,83,154,158,254,258,255,0,0,0,0,0,0,0,0,0,0,0,0,0,0,0,0,0,0,0,0,0,0,0,0,0,0,0,0,0,0,0,0,0,0]} 1. e4 c5 2. Nf3 d6 3. d4 cxd4 4. Nxd4 Nf6 5. Nc3 a6 6. h3 e6 7. g4 Be7 8. Bg2 Nfd7 {B81: Sicilian Scheveningen: Keres Attack} 9. a4 (9. Be3 Nc6 10. h4 Nde5 11. g5 Bd7 12. Nxc6 Bxc6 13. Qd4 O-O 14. O-O-O b5 15. f4 {1-0 (34) Sethuraman,S (2618)-Giri,A (2772) Tbilisi 2017}) 9... Nc6 10. Be3 O-O 11. O-O Qc7 12. f4 Na5 $146 (12... Nb6 $11) ({Predecessor:} 12... Re8 13. g5 Nxd4 14. Qxd4 b6 15. Rf2 Bb7 16. h4 {½-½ (35) Biedermann,T (2441)-Schoen,W (2450) ICCF email 2014}) 13. Nce2 Nc4 14. Bc1 $1 Re8 15. b3 Na5 $1 16. Bb2 Nc6 17. Kh1 (17. Qd2 {with more complications.} Nxd4 18. Bxd4 b6 19. e5 Ra7 20. a5) 17... Nxd4 18. Nxd4 (18. Qxd4 Bf6 $17) 18... b6 19. Qd3 Bb7 20. Rae1 Rac8 21. c4 Bf8 22. Qg3 g6 23. f5 Ne5 (23... Nc5 $11) 24. g5 Bg7 {[#]} (24... exf5 $11 25. exf5 Bxg2+ 26. Kxg2 (26. Qxg2 Nd3 $14) 26... Nc6) 25. h4 (25. Nxe6 $1 $16 {[%mdl 512]} fxe6 26. f6) 25... Qc5 (25... exf5 $1 $11 {keeps the balance.} 26. exf5 Bxg2+ 27. Kxg2 (27. Qxg2 Nd3 $11) 27... Bf8) 26. fxe6 $16 {And now Bh3 would win.} fxe6 $2 (26... Re7 $16 {was called for.}) 27. Bh3 $18 Ng4 28. Nxe6 ({Inferior is} 28. Qxg4 Bxd4 29. Bxd4 Qxd4 $14) 28... Rxe6 29. Qxg4 Re7 30. Bxg7 Kxg7 31. Rf4 Rce8 32. Bg2 ({White should play} 32. Qf3 $16) 32... b5 {[#]} (32... d5 $1 $14) 33. axb5 ({Better is} 33. cxb5 $1 axb5 34. Qf3) 33... axb5 $16 34. cxb5 Qxb5 35. Qf3 Qe5 (35... Bc8 $142) 36. Rf1 Qe6 (36... Bc8 $16 37. Rf7+ (37. Rf8 Be6 $16) 37... Rxf7 38. Qxf7+ Kh8) 37. Rf8 $18 Bxe4 38. Qc3+ $2 (38. Qf6+ $18 Qxf6 39. gxf6+ Kxf8 40. fxe7+ Kxe7 41. Bxe4) 38... Qe5 $11 {The position is equal.} 39. Qxe5+ dxe5 40. Rxe8 Bxg2+ 41. Kxg2 Rxe8 {[%mdl 4096] Endgame KR-KR} 42. b4 Rb8 43. Rb1 Rb5 $1 44. Kf3 Kf7 45. Ke4 Ke6 46. Rb2 Kd6 47. Rb3 Ke6 48. Rb1 Kd6 49. Rb2 Ke6 50. Rb3 Kd6 51. Rb1 Ke6 52. Rb3 Kd6 53. Rb2 Ke6 54. Rb1 Kd6 {Precision: White = 40%, Black = 41%.} 1/2-1/2

[Event "27th Keres Memorial 2018"]
[Site "Tallinn"]
[Date "2018.01.14"]
[Round "11"]
[White "Valner, Uku"]
[Black "Turov, Maxim"]
[Result "0-1"]
[WhiteElo "2267"]
[BlackElo "2640"]
[Annotator "TA"]
[PlyCount "82"]
[EventDate "2018.??.??"]
[EventType "swiss"]
[EventCountry "EST"]
[SourceTitle "playchess.com"]
[Source "ChessBase"]
[SourceQuality "1"]

{[%evp 13,82,0,0,0,0,0,4,6,-8,-4,0,-35,-42,-40,-47,-50,16,16,10,3,6,7,30,0,10,12,14,14,12,12,25,0,41,44,50,0,0,0,14,-9,0,0,0,0,0,-45,-61,-108,-125,-137,-116,-347,-191,-266,-266,-259,-254,-360,-329,-495,-507,-495,-479,-972,-949,-29964,-29963,-29939,-6209,-29936,-6307]} 1. e4 c6 2. d4 d5 3. exd5 cxd5 4. Bd3 Nc6 5. c3 Qc7 6. Ne2 Bg4 7. Qb3 {B13: Caro-Kann: Exchange Variation and Panov-Botvinnik Attack} (7. O-O Nf6 8. Qe1 Bxe2 9. Qxe2 g6 10. f4 Bh6 11. Nd2 O-O 12. Qf2 e6 13. Qh4 Bg7 14. Nf3 Ne7 {1-0 (49) Piorun,K (2651)-Rodshtein,M (2699) Katowice 2017}) 7... Bxe2 {LiveBook: 11 Games} 8. Kxe2 Nf6 9. Nd2 $146 {The position is equal.} ({Predecessor:} 9. Bg5 e6 10. Nd2 Be7 11. Nf3 O-O 12. Rhe1 e5 13. Bxf6 Bxf6 14. Qxd5 g6 15. dxe5 Nxe5 16. Nxe5 {1-0 (69) Seryogin,P (2134)-Pogosian,M (2256) Elets 2008}) 9... O-O-O 10. Nf3 e5 11. dxe5 Nxe5 12. Be3 Nxd3 13. Kxd3 Bc5 14. Nd4 Bxd4 (14... Ng4 $15) 15. cxd4 $11 Kb8 16. Rac1 Qd7 $132 {[%mdl 2048] Black is not keeping still} 17. f3 Rc8 18. Kd2 Rc4 19. Rxc4 dxc4 20. Qxc4 Nd5 21. Rc1 Qe6 22. Re1 {[#] Threatens to win with Bf4+!} Ka8 23. Bg5 Qd7 $1 24. Re4 Rc8 25. Qb3 f6 26. Bh4 Qc6 27. Ke2 a5 {And now ...a4 would win.} (27... f5 $5 28. Re5 $8 Qa6+ 29. Kf2 Qh6 30. Rxd5 Qxh4+ 31. Kf1 Rc1+ 32. Ke2 Qe1+ 33. Kd3 Qf1+ 34. Ke3 Qe1+ 35. Kd3 Rd1+ 36. Kc4 Rc1+ 37. Kd3 $11) 28. Kf1 a4 29. Qd1 Qc4+ 30. Qe2 Qxa2 31. Be1 Ka7 32. h3 $2 (32. Kg1 $17 {is a better defense.}) 32... Rc1 (32... Qb3 $142 33. Qd2 b6) 33. Qb5 {[#]} (33. h4 $142) 33... Qc4+ $1 $19 34. Qxc4 Rxc4 {[%mdl 4096] Endgame KRB-KRN} 35. Kf2 (35. Bg3 $142 Ka6 36. Bd6) 35... b5 {[%cal Bb7b5,Bb5b4,Bb4a3][%mdl 32]} 36. g4 (36. Re2 $142 b4 37. Kg3) 36... b4 37. Re2 Ka6 38. Bd2 (38. f4 $142 Rxd4 39. Re8) 38... Rc2 39. Be1 Rxe2+ 40. Kxe2 a3 41. bxa3 bxa3 {Precision: White = 37%, Black = 58%.} 0-1